00672nam a2200169 a 4500008004100000050001500041100001900056245006800075246003200143260004200175300002100217350000900238700001500247995009200262999001700354952013100371120416s1972 ||||||||||||||||| || u aDT 444 Soc aCliffe, Lionel10aSocialism in Tanzania, vol. 1 politicscedited by Lionel Cliffe aan interdisciplinary reader aLondonbEast African Publishingc1972 axx, 346p. : ill. a0.00 aSaul, J. S D0.00FCBU-MAIN LIBRARY (Kitwe)H1I4.50UAVAILABLEZMain Library Open Access Collection c57765d57765 00102lcc4070a001b001cMain Library Open Access Collectiond2022-11-30l0oDT 444 Socp000998r2022-11-30w2022-11-30y002